[Event "Lansing (MI Op/5/1)"]
[Site "?"]
[Date "1996.??.??"]
[Round "?"]
[White "Avery, Robert W"]
[Black "Tsemekhman, Vadim"]
[Result "1/2-1/2"]
[WhiteElo "2140"]
[BlackElo "2510"]
[PlyCount "56"]
[EventDate "1996.??.??"]

{5/(1)} 1. c4 g6 2. Nc3 Bg7 3. d4 Nf6 4. e4 d6 5. f3 O-O 6. Bg5 c6 7. Qd2 e5 8.
d5 cxd5 9. Nxd5 Nc6 10. Ne2 Be6 11. h4 Bxd5 12. cxd5 Na5 13. Nc3 Rc8 14. h5 Nc4
15. Bxc4 Rxc4 16. g4 Qd7 17. O-O-O Rfc8 18. Kb1 Rd4 19. Qh2 Rxd1+ 20. Rxd1 b5
21. hxg6 fxg6 22. Rh1 Rc7 23. Qh4 b4 24. Bxf6 Bxf6 25. Qxf6 bxc3 26. Rc1 cxb2
27. Rxc7 Qxc7 28. Kxb2 Qb6+ 1/2-1/2

[Event "Howell (US Am N/3/38)"]
[Site "?"]
[Date "1996.??.??"]
[Round "?"]
[White "Avery, Robert W"]
[Black "McNeil, Yaking"]
[Result "0-1"]
[WhiteElo "1605"]
[BlackElo "1605"]
[PlyCount "74"]
[EventDate "1996.??.??"]

{3/(38)} 1. e4 c5 2. Nf3 Nc6 3. Nc3 e6 4. Bb5 a6 5. Bxc6 bxc6 6. d3 d5 7. O-O
Ra7 8. Ne5 Ne7 9. Be3 d4 10. Bg5 f6 11. Bh4 dxc3 12. Nc4 cxb2 13. Nxb2 Ng6 14.
Bg3 h5 15. h4 Bd6 16. Bxd6 Qxd6 17. g3 Rh6 18. Nc4 Qc7 19. f4 Nxh4 20. gxh4
Rg6+ 21. Kh1 Rg4 22. Qd2 Rxh4+ 23. Kg2 g5 24. e5 gxf4 25. Rxf4 Qg7+ 26. Kf3
Rh3+ 27. Ke2 Rh2+ 28. Rf2 Qg4+ 29. Ke1 Rh1+ 30. Rf1 Rxf1+ 31. Kxf1 Rg7 32. Qf2
Qh3+ 33. Ke2 Rg2 34. Qxg2 Qxg2+ 35. Ke3 fxe5 36. Nxe5 Qg5+ 37. Ke4 Qf5+ 0-1

[Event "Lansing (MI Op/2/12)"]
[Site "?"]
[Date "1996.??.??"]
[Round "?"]
[White "Avery, Robert W"]
[Black "Lehotzky, Attila"]
[Result "1-0"]
[WhiteElo "2140"]
[BlackElo "1965"]
[PlyCount "63"]
[EventDate "1996.??.??"]

{2/(12)} 1. c4 c5 2. Nf3 Nc6 3. d4 cxd4 4. Nxd4 Nf6 5. Nc3 a6 6. e4 d6 7. Be2
g6 8. Be3 Qc7 9. Nd5 Nxd5 10. cxd5 Nxd4 11. Qxd4 f6 12. O-O h5 13. Rac1 Qd8 14.
Qb4 Kf7 15. Bb6 Qe8 16. Rc7 Bh6 17. a4 Kg8 18. f4 Rh7 19. Bd3 Rg7 20. h3 g5 21.
f5 g4 22. Qc3 Kh8 23. g3 Bg5 24. Rf2 h4 25. Rc2 Rg8 26. Be2 hxg3 27. Qxg3 Qh5
28. Bf2 Qh6 29. Rxe7 Bf4 30. Qh4 Qxh4 31. Bxh4 Be5 32. Rcc7 1-0

[Event "Howell (US Am N/1/49)"]
[Site "?"]
[Date "1996.??.??"]
[Round "?"]
[White "Avery, Robert W"]
[Black "Kirsch, G."]
[Result "1-0"]
[WhiteElo "1605"]
[BlackElo "1605"]
[PlyCount "45"]
[EventDate "1996.??.??"]

{1/(49)} 1. e4 e5 2. Nf3 Nc6 3. Nc3 Nf6 4. Bc4 h6 5. d3 Bb4 6. Bd2 d6 7. a3 Ba5
8. O-O Bb6 9. Nd5 Nd4 10. Nxb6 Nxf3+ 11. Qxf3 axb6 12. Rfe1 c6 13. Bc3 Qe7 14.
Qg3 O-O 15. d4 Nd7 16. Rad1 c5 17. dxe5 Nxe5 18. f4 Ng6 19. f5 Qh4 20. fxg6
Qxg3 21. hxg3 Rd8 22. gxf7+ Kf8 23. Be5 1-0

[Event "Lansing (MI Op/4/1)"]
[Site "?"]
[Date "1996.??.??"]
[Round "?"]
[White "Avery, Robert W"]
[Black "Finegold, Ron"]
[Result "1-0"]
[WhiteElo "2140"]
[BlackElo "2180"]
[PlyCount "91"]
[EventDate "1996.??.??"]

{4/(1)} 1. c4 Nf6 2. Nc3 d5 3. cxd5 Nxd5 4. g3 c6 5. Bg2 Be6 6. Nf3 Nxc3 7.
bxc3 g6 8. Ng5 Bd5 9. f3 e5 10. d3 Be7 11. h4 f6 12. Nh3 f5 13. c4 Be6 14. Ng5
Bg8 15. Rb1 h6 16. Nh3 b6 17. Qc2 Qd7 18. f4 e4 19. dxe4 Be6 20. Nf2 O-O 21.
Nd3 Na6 22. Be3 Kh7 23. O-O Bf6 24. e5 Be7 25. Rfd1 Qc7 26. a4 Rac8 27. c5 bxc5
28. Nxc5 Nxc5 29. Bxc5 g5 30. hxg5 hxg5 31. Qc3 Rg8 32. Kf2 Rg6 33. Qa3 Bxc5+
34. Qxc5 gxf4 35. gxf4 Rg4 36. Bf3 Rh4 37. Rh1 Rxh1 38. Rxh1+ Kg7 39. Rc1 Qd7
40. a5 Qd8 41. Qxa7+ Rc7 42. Qc5 Qd2 43. Rg1+ Kh7 44. Qd6 Qxa5 45. Rh1+ Kg7 46.
Qxe6 1-0

[Event "Lansing (MI Op/7/1)"]
[Site "?"]
[Date "1996.??.??"]
[Round "?"]
[White "Avery, Robert W"]
[Black "Eagle, Chris"]
[Result "1-0"]
[WhiteElo "2140"]
[BlackElo "2115"]
[PlyCount "93"]
[EventDate "1996.??.??"]

{7/(1)} 1. c4 Nf6 2. Nc3 g6 3. e4 d6 4. d4 Bg7 5. f3 O-O 6. Bg5 c6 7. Qd2 Nbd7
8. Nge2 e5 9. d5 cxd5 10. cxd5 Nc5 11. Nc1 Bd7 12. Be2 Qb6 13. Be3 Qc7 14. O-O
Nh5 15. Nd3 Nxd3 16. Bxd3 Nf4 17. Bb5 Bxb5 18. Nxb5 Qd7 19. a4 a6 20. Nc3 b5
21. Rfc1 Rfc8 22. axb5 axb5 23. Rxa8 Rxa8 24. Ne2 Nxe2+ 25. Qxe2 Bf6 26. Qc2
Kf8 27. Qb3 Rd8 28. Rc6 Rb8 29. Qa3 b4 30. Qa6 Be7 31. b3 Qb7 32. Qxb7 Rxb7 33.
Rb6 Rxb6 34. Bxb6 Bg5 35. Kf1 f5 36. Ba5 Bd2 37. Ke2 Bc3 38. Kd3 fxe4+ 39. fxe4
Ke7 40. Kc4 Kd7 41. Bxb4 Bb2 42. Kb5 h5 43. Ka6 g5 44. h3 g4 45. Ba5 gxh3 46.
gxh3 Ke7 47. Be1 1-0

[Event "Kalamazoo (MI Am/4/24)"]
[Site "?"]
[Date "1996.??.??"]
[Round "?"]
[White "Avery, Bill"]
[Black "Van Den Abell, Tom"]
[Result "1-0"]
[WhiteElo "1605"]
[BlackElo "1605"]
[PlyCount "99"]
[EventDate "1996.??.??"]

{4/(24)} 1. d4 Nf6 2. Nf3 d5 3. Bf4 e6 4. e3 Nbd7 5. c4 b6 6. Nc3 a6 7. cxd5
exd5 8. Bd3 Bb7 9. O-O Bd6 10. Bxd6 cxd6 11. Qb3 O-O 12. Rfc1 Rc8 13. a4 Ne4
14. Nxd5 Re8 15. Rc2 Nec5 16. dxc5 Nxc5 17. Rxc5 Rxc5 18. e4 Rc6 19. Nd4 Rc5
20. f3 Bxd5 21. exd5 Re3 22. Bxh7+ Kxh7 23. Qxe3 Qf6 24. Re1 Rc8 25. Qe4+ g6
26. b4 Rc4 27. Rd1 Rxb4 28. a5 b5 29. Qe3 Ra4 30. Nc6 b4 31. Re1 Qb2 32. Qe7
Kg7 33. Qxd6 Ra2 34. Qe5+ Qxe5 35. Nxe5 b3 36. Nc4 Rc2 37. Na3 Ra2 38. d6 b2
39. d7 Ra1 40. Kf1 Rxa3 41. d8=Q Ra1 42. Qd4+ Kf8 43. Qxb2 Rxe1+ 44. Kxe1 Ke7
45. Qb6 Kf8 46. Qxa6 Kg7 47. Qd6 g5 48. a6 f6 49. a7 Kg6 50. a8=Q 1-0

[Event "Kalamazoo (MI Am/2/24)"]
[Site "?"]
[Date "1996.??.??"]
[Round "?"]
[White "Avery, Bill"]
[Black "Tuzeneu, Jim"]
[Result "1-0"]
[WhiteElo "1605"]
[BlackElo "1605"]
[PlyCount "99"]
[EventDate "1996.??.??"]

{2/(24)} 1. d4 Nc6 2. Nf3 Nf6 3. Bf4 g6 4. e3 Bg7 5. c4 e6 6. Nc3 b6 7. Bd3 Bb7
8. O-O O-O 9. Re1 Nb4 10. Be2 d5 11. a3 Na6 12. cxd5 exd5 13. Rc1 c6 14. b4 Nc7
15. Qb3 Ne6 16. Bg3 Rc8 17. h3 Re8 18. Nd2 Re7 19. Ra1 a5 20. bxa5 bxa5 21. Na4
c5 22. dxc5 Nxc5 23. Nxc5 Rxc5 24. Nf3 Ne4 25. Bh4 Bxa1 26. Bxe7 Qxe7 27. Rxa1
Nc3 28. Nd4 Nxe2+ 29. Nxe2 Ba6 30. Nd4 Qc7 31. Qb2 f5 32. Ne6 Rc2 33. Nxc7 Rxb2
34. Nxa6 Rc2 35. Rd1 Rc6 36. Nb8 Rd6 37. Kf1 g5 38. Rc1 Kg7 39. Rc7+ Kg6 40.
Ra7 d4 41. exd4 Rd5 42. Ke2 Rxd4 43. Rxa5 Rd8 44. Rb5 Re8+ 45. Kf3 Kf6 46. a4
Re5 47. Nd7+ Ke6 48. Nxe5 Kf6 49. a5 h5 50. a6 1-0

[Event "Howell (US Am N/1/10)"]
[Site "?"]
[Date "1996.??.??"]
[Round "?"]
[White "Avery, Bill"]
[Black "Moody, David"]
[Result "0-1"]
[WhiteElo "1605"]
[BlackElo "2000"]
[PlyCount "70"]
[EventDate "1996.??.??"]

{1/(10)} 1. d4 Nf6 2. Nf3 c5 3. c3 d5 4. Bf4 Nc6 5. e3 Bf5 6. Bd3 Bxd3 7. Qxd3
e6 8. Nbd2 Be7 9. h3 O-O 10. Ne5 Nd7 11. Ndf3 f6 12. Ng4 cxd4 13. exd4 e5 14.
dxe5 Ndxe5 15. Ngxe5 fxe5 16. Bxe5 Rxf3 17. Qxf3 Nxe5 18. Qe2 Bf6 19. O-O Qc7
20. Rad1 Rd8 21. Rfe1 Qc4 22. Qxc4 Nxc4 23. Re2 b5 24. g3 a5 25. f4 Kf7 26. Kg2
b4 27. cxb4 axb4 28. b3 Nb2 29. Rdd2 d4 30. Kf2 d3 31. Re1 Bc3 32. Rxb2 Bxb2
33. Rd1 d2 34. Ke2 Bc3 35. Rf1 Re8+ 0-1

[Event "Howell (US Am N/5/43)"]
[Site "?"]
[Date "1996.??.??"]
[Round "?"]
[White "Avery, Bill"]
[Black "Hooker, Larry"]
[Result "1-0"]
[WhiteElo "1605"]
[BlackElo "1605"]
[PlyCount "103"]
[EventDate "1996.??.??"]

{5/(43)} 1. d4 d5 2. Nf3 Nf6 3. Bf4 Nc6 4. e3 g6 5. c4 e6 6. Nbd2 Bg7 7. Bd3
Nb4 8. Be2 O-O 9. a3 Nc6 10. Bg5 Bd7 11. cxd5 exd5 12. Qb3 b6 13. Bxf6 Qxf6 14.
Qxd5 Qe6 15. Qxe6 Bxe6 16. Rc1 Bd7 17. Bb5 Nb8 18. Bxd7 Nxd7 19. Rxc7 Nf6 20.
Ke2 Rfc8 21. Rhc1 Rxc7 22. Rxc7 Nd5 23. Rc1 Re8 24. g3 Nf6 25. h3 Ne4 26. Nxe4
Rxe4 27. Kd3 Re6 28. Rc7 a6 29. Ng5 Rf6 30. f4 h6 31. Nf3 Re6 32. e4 f6 33. d5
Rd6 34. Rc6 Bf8 35. Rxd6 Bxd6 36. e5 fxe5 37. fxe5 Bc7 38. d6 Bd8 39. Ke4 Kf7
40. Kd5 Ke8 41. e6 Bf6 42. Ne5 g5 43. d7+ Kd8 44. Ng6 Kc7 45. b4 a5 46. bxa5
bxa5 47. a4 h5 48. g4 hxg4 49. hxg4 Bg7 50. Ne5 Bf6 51. Nc6 Bg7 52. d8=Q+ 1-0

[Event "Howell (US Am N/3/51)"]
[Site "?"]
[Date "1996.??.??"]
[Round "?"]
[White "Avery, Bill"]
[Black "Elker, M."]
[Result "1-0"]
[WhiteElo "1605"]
[BlackElo "1605"]
[PlyCount "105"]
[EventDate "1996.??.??"]

{3/(51)} 1. d4 d5 2. Nf3 Nf6 3. Bf4 Nc6 4. e3 a6 5. c4 e6 6. Nc3 Bb4 7. a3
Bxc3+ 8. bxc3 Ne4 9. Qc2 b6 10. Bd3 f5 11. O-O a5 12. Ne5 Nxe5 13. Bxe5 Qd7 14.
cxd5 exd5 15. a4 Ba6 16. Bxa6 Rxa6 17. f3 Nd6 18. Qe2 Ra8 19. e4 dxe4 20. Bxd6
cxd6 21. fxe4 O-O 22. exf5 Rae8 23. Qd3 d5 24. Qc2 Rf6 25. Rab1 Ref8 26. c4
Rxf5 27. cxd5 Qxd5 28. Qd3 Qd7 29. Rxf5 Rxf5 30. Qc4+ Qd5 31. Qxd5+ Rxd5 32.
Rd1 Kf7 33. Kf2 Ke6 34. Ke3 Kd6 35. Rc1 b5 36. axb5 Rxb5 37. Ke4 Rb4 38. Rc5 a4
39. Ra5 h6 40. Ra6+ Ke7 41. Ke5 Rb2 42. Ra7+ Kf8 43. Rxa4 Rxg2 44. h4 Rg4 45.
Ra8+ Kf7 46. Ra7+ Kg8 47. d5 Rxh4 48. d6 g5 49. d7 Rf4 50. d8=Q+ Rf8 51. Qd5+
Kh8 52. Qd7 Rg8 53. Qh7# 1-0

[Event "Lansing (MOR/1a/2)"]
[Site "?"]
[Date "1996.??.??"]
[Round "?"]
[White "Assem, N."]
[Black "Rosenberg, Steve"]
[Result "1-0"]
[WhiteElo "1605"]
[BlackElo "1755"]
[PlyCount "56"]
[EventDate "1996.??.??"]

1. e4 d5 2. exd5 Qxd5 3. Nc3 Qa5 4. d4 Nf6 5. Bd2 c6 6. Nf3 Bg4 7. Be2 e6 8.
O-O Qc7 9. h3 Bh5 10. Ne5 Bg6 11. Bf4 Bd6 12. Bf3 Nbd7 13. Qe2 O-O 14. Rad1
Rfe8 15. Nxg6 Bxf4 16. Nxf4 Qxf4 17. Rfe1 Rad8 18. Rd2 Nf8 19. Qd1 Ng6 20. Kh1
e5 21. Ne4 exd4 22. Nxf6+ Qxf6 23. Rxe8+ Rxe8 24. Rxd4 Nh4 25. Rd2 Qxb2 26. Be4
Qe5 27. Bd3 Qg5 28. g3 Qd5+ {[Remainder illegible; 1-0, 107?]} 1-0

[Event "Lansing (MOR/5/11)"]
[Site "?"]
[Date "1996.??.??"]
[Round "?"]
[White "Assem, N."]
[Black "Hencir, Edward"]
[Result "1-0"]
[WhiteElo "1605"]
[BlackElo "1680"]
[PlyCount "77"]
[EventDate "1996.??.??"]

{5/(11)} 1. e4 c5 2. Nf3 e6 3. Be2 Qc7 4. O-O a6 5. d4 cxd4 6. Nxd4 d6 7. c4
Nd7 8. b3 Ngf6 9. Nd2 Be7 10. Bb2 O-O 11. Rc1 b6 12. f4 Bb7 13. Bf3 Rfc8 14.
Qe2 Qd8 15. Rfe1 Rc7 16. f5 e5 17. Nc2 Rac8 18. Ne3 h6 19. Red1 Nh7 20. Nb1 Ng5
21. Nc3 Nxf3+ 22. Qxf3 Bg5 23. Rxd6 Qe7 24. Rcd1 Bxe3+ 25. Qxe3 Nc5 26. R6d2
Qh4 27. Re2 Kh7 28. Nd5 Bxd5 29. cxd5 f6 30. h3 Nd7 31. Rdd2 Qh5 32. Kh2 b5 33.
Qf2 b4 34. Qf3 Qe8 35. Qf2 Nc5 36. Re3 a5 37. Qe2 Qd7 38. Rc2 Qb5 39. Qxb5 1-0

[Event "Lansing (MOR/3/9)"]
[Site "?"]
[Date "1996.??.??"]
[Round "?"]
[White "Assem, N."]
[Black "Boldrick, Thomas"]
[Result "1-0"]
[WhiteElo "1605"]
[BlackElo "1650"]
[PlyCount "85"]
[EventDate "1996.??.??"]

{3/(9)} 1. e4 e6 2. d4 d5 3. Nc3 Bb4 4. e5 b6 5. Bd2 Ba6 6. Nge2 Nd7 7. a3 Bxc3
8. Bxc3 c5 9. a4 cxd4 10. Qxd4 Ne7 11. b4 Nf5 12. Qf4 Bxe2 13. Bxe2 Qc7 14. Ra3
d4 15. Bxd4 Qxc2 16. Bd3 Qc7 17. Rc3 Qb8 18. Bxf5 exf5 19. Qxf5 Qb7 20. O-O O-O
21. Rfc1 Qd5 22. Rd3 Rac8 23. Bc3 Rxc3 24. Rcxc3 Qxe5 25. Qxe5 Nxe5 26. Re3 Rd8
27. Kf1 f6 28. Rc7 a5 29. bxa5 bxa5 30. Rec3 Rd2 31. Rc2 Rd4 32. Ra7 Rc4 33.
Rd2 h6 34. Rxa5 Rc1+ 35. Ke2 Nc4 36. Ra8+ Kh7 37. Ra2 Nb6 38. Rb8 Nd5 39. Kd2
Rc7 40. a5 Ra7 41. a6 Nc7 42. Rb6 Nd5 43. Rb7 1-0

[Event "Detroit (Class A/2/10)"]
[Site "?"]
[Date "1996.??.??"]
[Round "?"]
[White "Ashton, Jeff"]
[Black "Turner, Keita"]
[Result "1-0"]
[WhiteElo "1855"]
[BlackElo "1900"]
[PlyCount "61"]
[EventDate "1996.??.??"]

{2/(10)} 1. d4 Nf6 2. c4 g6 3. Nc3 Bg7 4. e4 d6 5. f4 O-O 6. Nf3 c5 7. d5 a6 8.
a4 Nbd7 9. Be2 Rb8 10. O-O Nb6 11. h3 Qc7 12. a5 Na8 13. e5 Ne8 14. Ne4 b5 15.
cxb5 axb5 16. g4 f5 17. gxf5 Bxf5 18. Neg5 Qc8 19. Qe1 Nac7 20. Nxh7 Kxh7 21.
Ng5+ Kg8 22. Qh4 Nf6 23. exf6 Rxf6 24. Bf3 Qb7 25. Re1 Nxd5 26. a6 Qc6 27. Rxe7
Nxe7 28. Bxc6 Nxc6 29. Bd2 d5 30. Ba5 Ra8 31. Bb6 1-0

[Event "Ann Arbor (Mini-Swiss/2/1)"]
[Site "?"]
[Date "1996.??.??"]
[Round "?"]
[White "Ashton, Jeff"]
[Black "Thompson, Dexter"]
[Result "1-0"]
[WhiteElo "2355"]
[BlackElo "1825"]
[PlyCount "111"]
[EventDate "1996.??.??"]

{2/(1)} 1. d4 d5 2. c4 e6 3. cxd5 exd5 4. Nc3 c6 5. Nf3 Bf5 6. Bg5 Nf6 7. e3
Nbd7 8. Bd3 Bxd3 9. Qxd3 Be7 10. a3 a5 11. O-O O-O 12. Rac1 Ne4 13. Bxe7 Qxe7
14. Ne2 f5 15. Qb3 Ndf6 16. Rfd1 Ng4 17. Rf1 Qc7 18. Qxd5+ Kh8 19. h3 Rad8 20.
Qa2 Ngf6 21. Nf4 Rd6 22. Ne5 Qc8 23. Nf7+ Rxf7 24. Qxf7 Qd7 25. Qxd7 Rxd7 26.
Rfd1 Nd5 27. Nxd5 Rxd5 28. f3 Nf6 29. Rc5 Kg8 30. Rxd5 Nxd5 31. Kf2 Kf7 32. g3
Ke6 33. e4 Ne7 34. Ke3 g6 35. Rc1 Kd6 36. Kf4 h6 37. h4 b6 38. g4 fxe4 39. fxe4
Ke6 40. b4 a4 41. b5 Kd6 42. bxc6 Nxc6 43. Rb1 Kc7 44. d5 Na5 45. Rb4 Nb3 46.
Rxa4 Kb7 47. e5 Nc5 48. Rc4 Nd3+ 49. Ke4 Nf2+ 50. Kf3 Nd3 51. Re4 Kc7 52. e6
Kd8 53. d6 Nc5 54. Re5 Ke8 55. Rxc5 bxc5 56. Ke4 1-0

[Event "Ann Arbor (Ann Arbor Open, U2000/4)"]
[Site "?"]
[Date "1996.??.??"]
[Round "?"]
[White "Ashton, Jeff"]
[Black "Santiago, Reynaldo"]
[Result "1/2-1/2"]
[WhiteElo "1845"]
[BlackElo "1940"]
[PlyCount "89"]
[EventDate "1996.??.??"]

{2000/(4)} 1. e4 c5 2. Nc3 Nc6 3. f4 d6 4. Nf3 a6 5. a4 Bg4 6. Be2 e6 7. d3 g6
8. O-O Bg7 9. Be3 Bxf3 10. Bxf3 Nd4 11. g3 Ne7 12. Bg2 Rb8 13. Nb1 Qb6 14. Nd2
O-O 15. c3 Ndc6 16. Nc4 Qc7 17. Nd2 b6 18. f5 exf5 19. exf5 Nxf5 20. Rxf5 gxf5
21. Qh5 Ne7 22. Nf3 f6 23. Nh4 Qd7 24. Bh3 Qe8 25. Qf3 Qf7 26. Nxf5 Nxf5 27.
Bxf5 Rfe8 28. Bf4 Rbd8 29. Bg4 Qb3 30. Qg2 Re7 31. Bf3 d5 32. c4 d4 33. Ra3 Qb4
34. Be4 Qe1+ 35. Qf1 Rxe4 36. dxe4 Qxe4 37. Rd3 Re8 38. Bc7 Re6 39. Qf3 Qe1+
40. Qf1 Qe4 41. Qf3 f5 42. Rb3 d3 43. Rxd3 Bd4+ 44. Kg2 Qe1 45. Qxf5 1/2-1/2

[Event "Cadillac Open/4/4"]
[Site "?"]
[Date "1996.??.??"]
[Round "?"]
[White "Ashton, Jeff"]
[Black "Ronneberg, E."]
[Result "0-1"]
[WhiteElo "1895"]
[BlackElo "2250"]
[PlyCount "154"]
[EventDate "1996.??.??"]

{4/4} 1. d4 Nf6 2. c4 g6 3. Nc3 Bg7 4. e4 d6 5. Be2 O-O 6. Nf3 e5 7. O-O Nc6 8.
d5 Ne7 9. Ne1 Nd7 10. f3 f5 11. g4 Nf6 12. Be3 f4 13. Bf2 g5 14. c5 Ng6 15.
cxd6 cxd6 16. Rc1 Rf7 17. Nb5 b6 18. Nd3 h5 19. h3 Bf8 20. Nb4 Rh7 21. Kg2 hxg4
22. hxg4 Nh4+ 23. Bxh4 gxh4 24. Rh1 a6 25. Nc3 h3+ 26. Rxh3 Rxh3 27. Kxh3 Ra7
28. Kg2 Rh7 29. Nc6 Qe8 30. Qg1 Qg6 31. Kf2 Bh6 32. Rf1 Bg5 33. Ke1 Bh4+ 34.
Kd1 b5 35. Qb6 Qe8 36. Nb4 Qe7 37. Nxa6 Bxa6 38. Qxa6 b4 39. Nb5 Ne8 40. Qa4
Bg3 41. Qxb4 Rh2 42. Nc3 Qa7 43. Qa4 Qb8 44. Qb5 Qd8 45. a4 Kf8 46. a5 Bf2 47.
a6 Be3 48. Qa4 Rh7 49. Bb5 Rh2 50. Ne2 Qb6 51. a7 Qxa7 52. Bxe8 Qc5 53. Bb5 Kg7
54. Bd3 Rh8 55. g5 Qc7 56. Nc3 Rh2 57. Be2 Qb7 58. Nb5 Qc8 59. Nc3 Qb7 60. Qb5
Qa7 61. Kc2 Bd4 62. Kb3 Rh8 63. Qa6 Rb8+ 64. Kc2 Qc5 65. Qc4 Qb6 66. Nb5 Qb7
67. Kb1 Rc8 68. Qd3 Bc5 69. Rh1 Ra8 70. Rh6 Qa6 71. Na3 Qa5 72. Qb5 Qe1+ 73.
Kc2 Ra7 74. Bd3 Bb4 75. Kb3 Rxa3+ 76. Kc4 Qc1+ 77. Kxb4 Qxb2+ 0-1

[Event "Lansing (MI Op/2/21)"]
[Site "?"]
[Date "1996.??.??"]
[Round "?"]
[White "Ashton, Jeff"]
[Black "Jarosz, Stan"]
[Result "1-0"]
[WhiteElo "1875"]
[BlackElo "2065"]
[PlyCount "95"]
[EventDate "1996.??.??"]

{2/(21)} 1. d4 d5 2. c4 e6 3. Nc3 Be7 4. Nf3 Nf6 5. Bg5 h6 6. Bh4 O-O 7. e3 b6
8. cxd5 Nxd5 9. Bxe7 Qxe7 10. Nxd5 exd5 11. Bd3 Be6 12. Rc1 c5 13. Bb1 c4 14.
Qc2 g6 15. Qe2 Nc6 16. h3 b5 17. O-O Rac8 18. Ne5 Nxe5 19. dxe5 f5 20. exf6
Qxf6 21. Rfd1 b4 22. Rd4 Qg7 23. Qd2 a5 24. e4 dxe4 25. Bxe4 Qf6 26. Rd6 Rcd8
27. Rxd8 Rxd8 28. Qxh6 Rf8 29. Bxg6 Rd8 30. Re1 Bf7 31. Bxf7+ Kxf7 32. Qxf6+
Kxf6 33. a3 Rd2 34. axb4 axb4 35. Re4 Rxb2 36. Rxc4 b3 37. Rb4 Rb1+ 38. Kh2 b2
39. Rb6+ Kg7 40. g4 Kf7 41. h4 Kg7 42. g5 Kf7 43. h5 Kg7 44. Rb7+ Kg8 45. h6
Rc1 46. Rxb2 Rc5 47. f4 Rc3 48. g6 1-0

[Event "Cadillac Open/5/8"]
[Site "?"]
[Date "1996.??.??"]
[Round "?"]
[White "Ashton, Jeff"]
[Black "Hater, David"]
[Result "1/2-1/2"]
[WhiteElo "1895"]
[BlackElo "2000"]
[PlyCount "20"]
[EventDate "1996.??.??"]

{5/8} 1. d4 Nf6 2. c4 g6 3. Nc3 d5 4. Nf3 Bg7 5. Bg5 Ne4 6. cxd5 Nxc3 7. bxc3
Qxd5 8. e3 Bg4 9. Bf4 c5 10. Bxb8 Rxb8 1/2-1/2

[Event "Ann Arbor (Ann Arbor Open, U2000/3)"]
[Site "?"]
[Date "1996.??.??"]
[Round "?"]
[White "Ashton, Jeff"]
[Black "Hartwig, Thomas"]
[Result "1-0"]
[WhiteElo "1845"]
[BlackElo "1750"]
[PlyCount "45"]
[EventDate "1996.??.??"]

{2000/(3)} 1. e4 c5 2. Nc3 Nc6 3. f4 d6 4. Bb5 Bd7 5. Nf3 Nf6 6. O-O a6 7. Bxc6
Bxc6 8. e5 dxe5 9. fxe5 Bxf3 10. Qxf3 Qd4+ 11. Kh1 Qxe5 12. Qxb7 Qb8 13. Qc6+
Kd8 14. Qxc5 e6 15. Qd4+ Bd6 16. d3 Ke7 17. Bg5 Be5 18. Qc5+ Kd7 19. Ne4 Qxb2
20. Rab1 Qd4 21. Rb7+ Kd8 22. Qe7+ Kc8 23. Rb4 1-0

[Event "Lansing (MI Op/1b/9)"]
[Site "?"]
[Date "1996.??.??"]
[Round "?"]
[White "Ashton, Jeff"]
[Black "Hankinson, Chris"]
[Result "1/2-1/2"]
[WhiteElo "1875"]
[BlackElo "2110"]
[PlyCount "101"]
[EventDate "1996.??.??"]

1. d4 Nf6 2. c4 e5 3. dxe5 Ng4 4. Bf4 Nc6 5. Nf3 Bb4+ 6. Nbd2 Qe7 7. a3 Ngxe5
8. Nxe5 Nxe5 9. Bxe5 Bxd2+ 10. Qxd2 Qxe5 11. e3 O-O 12. Be2 d6 13. O-O Re8 14.
Rfd1 a5 15. Rac1 Bf5 16. Bf3 a4 17. Qd4 c6 18. Rd2 Qxd4 19. Rxd4 Re6 20. Rcd1
Bc2 21. R1d2 Bb3 22. Bd1 Bxd1 23. Rxd1 Kf8 24. Rxd6 Rxd6 25. Rxd6 Ke7 26. Rd4
Ra5 27. Kf1 Ke6 28. Ke2 Rh5 29. h3 Rg5 30. Rg4 Rc5 31. Rxg7 Rxc4 32. Kd3 Rc1
33. Rxh7 Rf1 34. Rh6+ f6 35. f4 Rf2 36. g4 Rxb2 37. g5 Rb3+ 38. Kd2 Rxa3 39.
Rxf6+ Ke7 40. Rh6 Rb3 41. f5 a3 42. Rh7+ Kd6 43. Rh8 Rb5 44. e4 Ra5 45. f6 a2
46. f7 a1=Q 47. f8=Q+ Ke5 48. Qf6+ Kxe4 49. Rh4+ Kd5 50. Qf5+ Kd6 51. Qf4+
1/2-1/2

[Event "Cadillac Open/2/4"]
[Site "?"]
[Date "1996.??.??"]
[Round "?"]
[White "Ashton, Jeff"]
[Black "Fischvogt, Eric"]
[Result "1/2-1/2"]
[WhiteElo "1895"]
[BlackElo "2215"]
[PlyCount "67"]
[EventDate "1996.??.??"]

{2/4} 1. d4 Nf6 2. c4 c5 3. Nf3 g6 4. Nc3 Bg7 5. e4 cxd4 6. Nxd4 Nc6 7. Be2 O-O
8. Be3 Nxd4 9. Bxd4 d6 10. O-O Be6 11. f3 Qa5 12. Qd2 Rfc8 13. b3 a6 14. Rfd1
Nd7 15. Bxg7 Kxg7 16. Qd4+ Kg8 17. Nd5 Bxd5 18. Qxd5 Qb6+ 19. Qd4 Rc5 20. f4 e5
21. fxe5 dxe5 22. Qf2 Nf6 23. Bf3 a5 24. a4 Rac8 25. Rd2 Qc6 26. Qe3 Kg7 27.
Rc1 Qc7 28. g4 h6 29. h4 Qe7 30. Kg2 Nh7 31. Qf2 Nf8 32. Be2 R8c7 33. Kg3 Ne6
34. Rd5 {[Remainder illegible; 1/2-1/2, 60?]} 1/2-1/2

[Event "Lansing (MI Op/7/9)"]
[Site "?"]
[Date "1996.??.??"]
[Round "?"]
[White "Ashton, Jeff"]
[Black "Ciaffone, Bob"]
[Result "1/2-1/2"]
[WhiteElo "1875"]
[BlackElo "2240"]
[PlyCount "24"]
[EventDate "1996.??.??"]

{7/(9)} 1. d4 d5 2. c4 e6 3. Nc3 c6 4. cxd5 exd5 5. Nf3 Nf6 6. Bg5 h6 7. Bh4
Bf5 8. e3 Nbd7 9. Bd3 Bxd3 10. Qxd3 Be7 11. O-O O-O 12. a3 c5 {[Remainder
illegible; 1/2-1/2, 24?]} 1/2-1/2

[Event "Detroit (Class A/1/9)"]
[Site "?"]
[Date "1996.??.??"]
[Round "?"]
[White "Ashton, Jeff"]
[Black "Burg, Dan"]
[Result "1/2-1/2"]
[WhiteElo "1855"]
[BlackElo "1920"]
[PlyCount "86"]
[EventDate "1996.??.??"]

{1/(9)} 1. d4 d5 2. c4 c6 3. Nc3 Nf6 4. Nf3 e6 5. cxd5 exd5 6. Bg5 Bf5 7. e3
Nbd7 8. Bd3 Bxd3 9. Qxd3 Qb6 10. O-O Be7 11. a3 O-O 12. b4 a5 13. Ne5 Rfe8 14.
Nxd7 Nxd7 15. Bxe7 Rxe7 16. b5 Nf6 17. bxc6 Qxc6 18. Nb5 Rc8 19. Qb1 Qa6 20. a4
Re6 21. Rc1 Rec6 22. Qb2 Rc4 23. Rxc4 Rxc4 24. Rc1 Qc6 25. Rxc4 dxc4 26. f3 Nd5
27. e4 Nc7 28. d5 Qc5+ 29. Qd4 Qb4 30. h3 Nxb5 31. axb5 Qxb5 32. d6 Qd7 33. Qc5
Kf8 34. Qxc4 Qc6 35. Qd4 Qd7 36. Qc5 a4 37. Qc7 Ke8 38. Qb8+ Qd8 39. Qxb7 Qxd6
40. Qa8+ Ke7 41. Qxa4 Qc5+ 42. Kf1 Qc1+ 43. Kf2 Qd2+ 1/2-1/2

[Event "Ann Arbor (Ann Arbor Open, U2000/1)"]
[Site "?"]
[Date "1996.??.??"]
[Round "?"]
[White "Ashton, Jeff"]
[Black "Alson, Jeff"]
[Result "0-1"]
[WhiteElo "1845"]
[BlackElo "1995"]
[PlyCount "88"]
[EventDate "1996.??.??"]

{2000/(1)} 1. d4 Nf6 2. Nf3 b6 3. c4 Bb7 4. Nc3 e6 5. a3 Ne4 6. Nxe4 Bxe4 7. e3
d5 8. cxd5 Qxd5 9. Bd3 Bd6 10. Qc2 Bxd3 11. Qxd3 f5 12. O-O O-O 13. Rd1 Nd7 14.
b4 e5 15. dxe5 Qxd3 16. Rxd3 Nxe5 17. Nxe5 Bxe5 18. Ra2 Rfd8 19. Rad2 Bf6 20.
Kf1 Kf8 21. Rxd8+ Rxd8 22. Rxd8+ Bxd8 23. Ke2 Bf6 24. Kd3 Ke7 25. Kc4 a6 26. f3
Kd6 27. h3 b5+ 28. Kd3 c5 29. bxc5+ Kxc5 30. g4 fxg4 31. hxg4 g6 32. Bd2 h5 33.
gxh5 gxh5 34. Ke4 Kc4 35. Kf5 Bd8 36. e4 Kd3 37. Bb4 a5 38. Bd6 Ke3 39. e5 Kxf3
40. e6 h4 41. e7 Bxe7 42. Bxe7 h3 43. Bd6 b4 44. axb4 axb4 0-1

[Event "Detroit (Class C/3/2)"]
[Site "?"]
[Date "1996.??.??"]
[Round "?"]
[White "Asbury, Victor"]
[Black "Kane, Paul"]
[Result "1-0"]
[WhiteElo "1605"]
[BlackElo "1605"]
[PlyCount "99"]
[EventDate "1996.??.??"]

{3/(2)} 1. c4 Nf6 2. g3 c6 3. Bg2 d5 4. b3 e6 5. Nf3 Qc7 6. O-O g6 7. Bb2 Bg7
8. d4 O-O 9. Nc3 Nbd7 10. Rc1 dxc4 11. bxc4 Rd8 12. d5 Nb6 13. Qb3 exd5 14.
cxd5 Nfxd5 15. Nxd5 Nxd5 16. Bxg7 Kxg7 17. Ng5 Qe7 18. h4 h6 19. Qb2+ Qf6 20.
Qxf6+ Nxf6 21. Nf3 Be6 22. a3 Bd5 23. Rc3 b5 24. Rfc1 Rac8 25. Ne5 Ne4 26. R3c2
Rd6 27. Nd3 a5 28. Nc5 Nxc5 29. Rxc5 Bxg2 30. Kxg2 Kf6 31. Rxb5 Ra8 32. Rbc5
Ke6 33. Rxc6 Rxc6 34. Rxc6+ Kd7 35. Rf6 Ke7 36. Rb6 Ra7 37. e4 a4 38. Rb4 Kd6
39. f4 h5 40. Kf3 Kc5 41. Ke3 f6 42. e5 fxe5 43. fxe5 Ra6 44. Ke4 Kc6 45. Rd4
Kc7 46. Kd5 Ra5+ 47. Ke6 Ra6+ 48. Kf7 g5 49. hxg5 Ra8 50. g6 1-0